25 Things We Learned in 2017 Quiz Stats

 Plays Quiz Updated Jan 10, 2018

Score 0/25 Timer 06:00
2 Plays Today
% Correct
organs
88%
continent
83.8%
sperm
79.8%
faces
79%
smell
72.6%
dogs
67.5%
Adam Sandler
65.9%
Batman
65.1%
contact lenses
62.8%
Mick Jagger
60.5%
falcon
59.6%
Donald Trump
55.9%
beauty sleep
47.4%
% Correct
local anaesthetic
45.8%
exploding zombies
45.3%
Cary Grant
44.2%
Viagra
43.9%
bottom
39.7%
mangoes
38.5%
frozen food
36.5%
spices
36%
sand
30.2%
zero
27.9%
ant venom
24%
rice
19.1%

You're not logged in!

Compare scores with friends on all Sporcle quizzes.
OR
Log In

Sporcle TV

Today on Sporcle TV


Watch our educational content, quiz creation guides, and fun videos on Sporcle TV.

Show Comments

Extras

Top Quizzes Today


Score Distribution

Your Account Isn't Verified!

In order to create a playlist on Sporcle, you need to verify the email address you used during registration. Go to your Sporcle Settings to finish the process.

Report this User

Report this user for behavior that violates our Community Guidelines.

Details: